Southville International School and Colleges
Your cart is empty.
  • Cart
  • Lists
    Public lists Eva Luna New books Lux_list list_1
    Your lists Log in to create your own lists
  • Log in to your account
  • Your cookies
  • Search history
Southville International School and Colleges
  • Advanced search
  • Recent comments
  • Most popular
  • Libraries

Log in to your account

Log in with GOOGLE


If you do not have an external account, but do have a local account, you can still log in:

  1. Home
  2. MARC view: Glencoe mathematics :
Normal view MARC view ISBD view

Glencoe mathematics : (Record no. 282555)

[ view plain ]
MARC details
000 -LEADER
fixed length control field 00545nam a2200181Ia 4500
003 - CONTROL NUMBER IDENTIFIER
control field SISC
005 - DATE AND TIME OF LATEST TRANSACTION
control field 20160224083510.0
008 - FIXED-LENGTH DATA ELEMENTS--GENERAL INFORMATION
fixed length control field 140910s9999 xx 000 0 und d
020 ## - INTERNATIONAL STANDARD BOOK NUMBER
International Standard Book Number 0078212197
050 ## - LIBRARY OF CONGRESS CALL NUMBER
Classification number QA 107
Item number .G563 2000
245 ## - TITLE STATEMENT
Title Glencoe mathematics :
Remainder of title application and connection course 2 /
250 ## - EDITION STATEMENT
Remainder of edition statement California ed.
260 ## - PUBLICATION, DISTRIBUTION, ETC. (IMPRINT)
Place of publication, distribution, etc United States :
Name of publisher, distributor, etc Glencoe McGraw-Hill,
Date of publication, distribution, etc c2000.
300 ## - PHYSICAL DESCRIPTION
Extent 682 pages :
Other physical details colored illustration ;
Dimensions 28 cm.
650 ## - SUBJECT ADDED ENTRY--TOPICAL TERM
Topical term or geographic name as entry element Connections.
650 ## - SUBJECT ADDED ENTRY--TOPICAL TERM
Topical term or geographic name as entry element Mathematics
General subdivision Applications.
942 ## - ADDED ENTRY ELEMENTS (KOHA)
Koha item type Books
Source of classification or shelving scheme Library of Congress Classification
Holdings
Withdrawn status Lost status Source of classification or shelving scheme Damaged status Home library Current library Shelving location Date acquired Source of acquisition Sub Shelving location Total Checkouts Full call number Barcode Date last seen Price effective from Koha item type
    Library of Congress Classification   Luxembourg Library Luxembourg Library High School Section 02/09/2015 Library Fund     QA 107 .G563 2000 19890 06/19/2015 02/09/2015 Books

Glencoe mathematics :

APA

(2000). Glencoe mathematics. United States: Glencoe McGraw-Hill.

Chicago

2000. Glencoe mathematics. United States: Glencoe McGraw-Hill.

Harvard

(2000). Glencoe mathematics. United States: Glencoe McGraw-Hill.

MLA

Glencoe mathematics. United States: Glencoe McGraw-Hill. 2000.

  • Place hold
  • Print
  • Cite
  • Add to your cart (remove)
  • Save record
    BIBTEX Dublin Core MARCXML MARC (non-Unicode/MARC-8) MARC (Unicode/UTF-8) MARC (Unicode/UTF-8, Standard) MODS (XML) RIS
  • More searches
    Search for this title in:
    Other Libraries (WorldCat) Other Databases (Google Scholar) Online Stores (Bookfinder.com) Open Library (openlibrary.org)

Exporting to Dublin Core...

SOUTHVILLE LIBRARY

Southville International School and Colleges Library

1281 Tropical Ave. Cor. Luxembourg St., BF Homes International, Las Pinas City

Tel. No. 8256374 / 252358 Loc. 117/146

Powered by Koha